Statistics for Fortnite Battle Royale Quiz!

Click here to take the quiz!

General Stats

  • This quiz has been taken 8,104 times
  • The average score is 11 of 18

Answer Stats

Question/Hint Answer % Correct
What item allows you to gain 25% shieldmini shield
91%
What item allows you to gain 25% shield and 25 health over time?slurp juice
90%
What is the strongest material in the game?metal
84%
What's the maximum number of material can you hold (only one material)999
83%
The map is shrunk by the ______.storm
81%
What item allows you to make another player dance?boogie bomb
78%
Name all of the gun rarities from worst to bestcommon uncommon rare epic legendary
76%
What's the most powerful Assault RifleScar
65%
bandages can only heal you to ____% health.75
63%
What allows you to deploy your parachute once you've landed?Launch pad
60%
The best way to get legendary items are _____ ______.supply drops
56%
What is the original dance called?dance moves
55%
What is the name of a trap?Damage trap
47%
What are the only other creatures you can see (not humans)butterflies
34%
What do you open when you are low on ammunition?ammo crates
32%
What item allows you to heal for 1 hp over time?cozy campfire
23%
What common item can do upwards of 60 damage per shot?revolver
22%
What was the legendary 3rd sniper they removed?zapatron
20%

Score Distribution

Percentile by Number Answered

Percent of People with Each Score

Your Score History

You have not taken this quiz